| 000 | 00757pam a2200229 a 4500 | ||
|---|---|---|---|
| 001 | 2909937 | ||
| 005 | 20250124133636.0 | ||
| 008 | 880606s1989 enk b 001 0 eng | ||
| 020 | _a0582023831 (U.S.) | ||
| 050 | 0 | 0 |
_aHQ18.G7 _bW43 1989 |
| 082 | 0 | 0 |
_a306.7/0941 _219 |
| 100 | 1 |
_aWeeks, Jeffrey, _d1945- |
|
| 245 | 1 | 0 |
_aSex, politics, and society : _bthe regulation of sexuality since 1800 / _cJeffrey Weeks. |
| 250 | _a2nd ed. | ||
| 260 |
_aLondon ; _aNew York : _bLongman, _c1989. |
||
| 300 |
_ax, 326 p. ; _c22 cm. |
||
| 440 | 0 | _aThemes in British social history | |
| 500 | _aErrata slip insered. | ||
| 650 | 0 |
_aSex customs _zGreat Britain _xHistory _y19th century. |
|
| 650 | 0 |
_aSex customs _zGreat Britain _xHistory _y20th century. |
|
| 942 |
_2lcc _cBK _n0 |
||
| 999 |
_c3030 _d3030 |
||